Sang Labi-labi panjat pokok

Bibliographic Details
Corporate Author: Title
Format: Book
Published: Selangor : Kiddibird
Series:Siri alam rimba
Subjects:

MARC

LEADER 00000cam a2200000 7i4500
001 0000003499
005 20220105103947.0
008 070718
020 |a 9833255507 
090 0 0 |a JP   |b ANM MAL (3776) 
245 0 0 |a Sang Labi-labi panjat pokok 
260 |a Selangor :   |b Kiddibird 
440 0 |a Siri alam rimba 
500 |a Children age 4-6 years old (yellow) 
650 0 |a Animal 
650 0 |a Junior preschool   |x Malay   |x Languages 
710 0 |a Title 
999 |a 0000971176   |b Book   |c Children Collection   |e Perbadanan Perpustakaan Awam Johor 
999 |a 0000971177   |b Book   |c Children Collection   |e Cawangan Tmn. Ungku Tun Aminah 
999 |a 0000971178   |b Book   |c Children Collection   |e Cawangan Tmn. Ungku Tun Aminah 
999 |a 0000971179   |b Book   |c Children Collection   |e Cawangan Mersing 
999 |a 0000971180   |b Book   |c Children Collection   |e Perbadanan Perpustakaan Awam Johor 
999 |a 0001129518   |b Book   |c Children Collection   |e Cawangan Tmn. Ungku Tun Aminah